000 00415nam a2200193Ia 4500
005 20250603150014.0
008 250603s9999 xx 000 0 und d
020 _a9781292001401
050 _aHD 30.213 .K76/
100 _aKroenke, David M.
245 0 _aUsing MIS
250 _a6th ed.
260 _aBoston
260 _bPearson
260 _c2014
300 _a551 p
650 _aBoston
942 _cBK
999 _c43483
_d43483